| 000 | 00514nam a2200193Ia 4500 | ||
|---|---|---|---|
| 008 | 140626s9999 xx 000 0 und d | ||
| 100 | _aMazumdar, Suruchi. | ||
| 245 |
_aWhistleblowers : _b more threatened than threatening? / _c Suruchi.Mazumdar |
||
| 260 | _cc2013. | ||
| 300 | _a40 : 3, page 198 | ||
| 440 | _aMedia Asia | ||
| 521 | _aMC | ||
| 650 | _aCommunication. | ||
| 650 | _aJournalism. | ||
| 650 | _aNew media. | ||
| 650 | _aRestriction on freedom. | ||
| 650 | _aWhistleblowers. | ||
| 942 | _cSE | ||
| 999 |
_c121202 _d121202 |
||